Termokinetika spaľovania
Guardado en:
| Autor principal: | |
|---|---|
| Formato: | Libro |
| Lenguaje: | eslovaco |
| Publicado: |
Bratislava :
SVŠT v Bratislave,
1988
|
| Edición: | 1. vyd |
| Materias: | |
| Etiquetas: |
Sin Etiquetas, Sea el primero en etiquetar este registro!
|
MARC
| LEADER | 00000nam a22000003a 4500 | ||
|---|---|---|---|
| 001 | stu76174 | ||
| 005 | 20150617225646.1 | ||
| 008 | 020619s1988----cs------------------slo-d | ||
| 040 | |a STU |b slo | ||
| 041 | 0 | |a slo | |
| 044 | |a cs | ||
| 080 | |a 531.2 | ||
| 100 | 1 | |a Sidó, Pavol |4 aut | |
| 245 | 1 | |a Termokinetika spaľovania | |
| 250 | |a 1. vyd | ||
| 260 | |a Bratislava : |b SVŠT v Bratislave, |c 1988 | ||
| 300 | |a 192 s | ||
| 650 | 7 | |a Termokinetika |2 stusub | |
| 650 | 7 | |a spaľovanie |2 stusub | |
| 996 | |b 284J008366 |c J*81440 |l JJSK |s A |a 24 |w stu76174_0001 | ||
| 996 | |b 284J007412 |c J*2230-1 |l JJSK |s A |a 24 |w stu76174_0002 | ||
| 996 | |b 284J007413 |c J*2230-2 |l JJSK |s A |a 24 |w stu76174_0003 | ||
| 996 | |b 284J007414 |c J*2230-3 |l JJSK |s A |a 24 |w stu76174_0004 | ||
| 996 | |b 284J007415 |c J*2230-4 |l JJSK |s A |a 24 |w stu76174_0005 | ||
| 996 | |b 284J007416 |c J*2230-5 |l JJSK |s A |a 24 |w stu76174_0006 | ||